|
|
|
|
| LEADER |
00000nam a2200000 4500 |
| 003 |
SK-BrCVT |
| 005 |
20220621162651.0 |
| 008 |
070720s2007 it e ||||||eng d |
| 035 |
|
|
|a CVTIDW1410917
|
| 040 |
|
|
|b slo
|a CVTI SR
|e AACR2
|
| 041 |
0 |
|
|a eng
|
| 044 |
|
|
|a it
|
| 080 |
|
|
|a 621.878/.879
|2 UDC-MRF
|
| 080 |
|
|
|a 621.869
|2 UDC-MRF
|
| 110 |
2 |
|
|a FIORI S.p.A. (Finale Emilia)
|4 aut
|
| 245 |
1 |
0 |
|a Excavation, loading and transport systems. Compact line.
|
| 250 |
|
|
|a [1st ed.]
|
| 260 |
|
|
|a [S.l.] :
|b [s.n.],
|c 2007
|
| 300 |
|
|
|a 23 s. :
|b obr. ;
|
| 653 |
1 |
|
|a dopravný systém
|a nakladač
|a rýpadlo
|a bagrovanie
|a hĺbenie
|
| 710 |
2 |
|
|a HYDREX (Hriňová, Slovensko)
|4 com
|
| 910 |
|
|
|b F027185
|
| 959 |
|
|
|a 6708
|
| 974 |
|
|
|f Firemná literatúra
|
| 992 |
|
|
|a FFP
|
| 999 |
|
|
|c 151774
|d 151774
|